<?xml version="1.0" encoding="UTF-8"?>
<record
    xmlns:xsi="http://www.w3.org/2001/XMLSchema-instance"
    xsi:schemaLocation="http://www.loc.gov/MARC21/slim http://www.loc.gov/standards/marcxml/schema/MARC21slim.xsd"
    xmlns="http://www.loc.gov/MARC21/slim">

  <leader>02193nam0a2200409   4500</leader>
  <controlfield tag="001">13948</controlfield>
  <controlfield tag="003">http://www.sudoc.fr/289497159</controlfield>
  <controlfield tag="005">20251009125905.0</controlfield>
  <datafield tag="010" ind1=" " ind2=" ">
    <subfield code="a">9782381980911</subfield>
  </datafield>
  <datafield tag="035" ind1=" " ind2=" ">
    <subfield code="a">(OCoLC)1536356784</subfield>
  </datafield>
  <datafield tag="073" ind1=" " ind2="0">
    <subfield code="a">9782381980911</subfield>
  </datafield>
  <datafield tag="090" ind1=" " ind2=" ">
    <subfield code="a">13948</subfield>
  </datafield>
  <datafield tag="099" ind1=" " ind2=" ">
    <subfield code="o">0</subfield>
  </datafield>
  <datafield tag="100" ind1=" " ind2=" ">
    <subfield code="a">20250916h20252025m  y0frey50      ba</subfield>
  </datafield>
  <datafield tag="101" ind1="0" ind2=" ">
    <subfield code="a">fre</subfield>
  </datafield>
  <datafield tag="102" ind1=" " ind2=" ">
    <subfield code="a">FR</subfield>
  </datafield>
  <datafield tag="105" ind1=" " ind2=" ">
    <subfield code="a">y   ||||000by</subfield>
  </datafield>
  <datafield tag="181" ind1=" " ind2=" ">
    <subfield code="6">z01</subfield>
    <subfield code="c">txt</subfield>
    <subfield code="2">rdacontent</subfield>
  </datafield>
  <datafield tag="181" ind1=" " ind2="1">
    <subfield code="6">z01</subfield>
    <subfield code="a">i#</subfield>
    <subfield code="b">xxxe##</subfield>
  </datafield>
  <datafield tag="182" ind1=" " ind2=" ">
    <subfield code="6">z01</subfield>
    <subfield code="c">n</subfield>
    <subfield code="2">rdamedia</subfield>
  </datafield>
  <datafield tag="182" ind1=" " ind2="1">
    <subfield code="6">z01</subfield>
    <subfield code="a">n</subfield>
  </datafield>
  <datafield tag="183" ind1=" " ind2="1">
    <subfield code="6">z01</subfield>
    <subfield code="a">nga</subfield>
    <subfield code="2">RDAfrCarrier</subfield>
  </datafield>
  <datafield tag="200" ind1="1" ind2=" ">
    <subfield code="a">La Contrebande</subfield>
    <subfield code="b">LIVR</subfield>
  </datafield>
  <datafield tag="214" ind1=" " ind2="0">
    <subfield code="c">L'Arche</subfield>
    <subfield code="d">DL 2025</subfield>
  </datafield>
  <datafield tag="214" ind1=" " ind2="0">
    <subfield code="a">Montreuil</subfield>
  </datafield>
  <datafield tag="215" ind1=" " ind2=" ">
    <subfield code="a">1 vol. (134 p.)</subfield>
  </datafield>
  <datafield tag="215" ind1=" " ind2=" ">
    <subfield code="d">21 cm</subfield>
  </datafield>
  <datafield tag="225" ind1="2" ind2=" ">
    <subfield code="a">Des &#xE9;crits pour la parole</subfield>
  </datafield>
  <datafield tag="323" ind1=" " ind2=" ">
    <subfield code="a">ind&#xE9;fini</subfield>
  </datafield>
  <datafield tag="330" ind1=" " ind2=" ">
    <subfield code="a">Elles sont dix. Dix femmes. Dix corps, dix voix. Toutes prises par le th&#xE9;&#xE2;tre ou le cin&#xE9;ma : dix contrebandi&#xE8;res, toutes habit&#xE9;es par le d&#xE9;sir de chercher quelque chose qui n&#x2019;est pas de ce monde, de combattre la honte, l&#x2019;asservissement amoureux, les humiliations, la morgue masculine, le silence impos&#xE9;, les fardeaux de l&#x2019;h&#xE9;ritage ou de l&#x2019;ambition, pour objecter, exister, vivre, tout changer. Que disent les destin&#xE9;es f&#xE9;minines au cin&#xE9;ma comme au th&#xE9;&#xE2;tre, d&#x2019;Oph&#xE9;lie &#xE0; Scarlett Johansson ? Que nous r&#xE9;v&#xE8;lent les trajectoires de Margaret Hughes &#x2013; premi&#xE8;re Desd&#xE9;mone de l&#x2019;Histoire et grande briseuse de conventions sociales &#x2013; ou de Peg Entwistle, qui mit fin &#xE0; ses jours en sautant du haut des lettres blanches du panneau Hollywoodland ? &#xC0; travers ces contrebandi&#xE8;res, Fabrice Melquiot interroge les h&#xE9;ritages culturels de la litt&#xE9;rature occidentale, dont elles furent les h&#xE9;ro&#xEF;nes invisibles ou malmen&#xE9;es. Il revisite les classiques, les empoigne et les ranime, pour faire place &#xE0; d&#x2019;autres r&#xE9;cits : ceux de femmes d&#x2019;aujourd&#x2019;hui, en lutte, en cr&#xE9;ation, en vie.</subfield>
  </datafield>
  <datafield tag="410" ind1=" " ind2=" ">
    <subfield code="0">234993022</subfield>
  </datafield>
  <datafield tag="410" ind1=" " ind2=" ">
    <subfield code="t">Des &#xE9;crits pour la parole</subfield>
    <subfield code="x">2680-3305</subfield>
  </datafield>
  <datafield tag="608" ind1=" " ind2=" ">
    <subfield code="3">027814157</subfield>
    <subfield code="a">Th&#xE9;&#xE2;tre (genre litt&#xE9;raire) fran&#xE7;ais</subfield>
    <subfield code="2">rameau</subfield>
  </datafield>
  <datafield tag="610" ind1=" " ind2=" ">
    <subfield code="a">F&#xE9;minisme</subfield>
    <subfield code="a">personnage</subfield>
  </datafield>
  <datafield tag="700" ind1=" " ind2="1">
    <subfield code="a">Melquiot</subfield>
    <subfield code="b">Fabrice</subfield>
    <subfield code="f">1972-....</subfield>
  </datafield>
  <datafield tag="700" ind1=" " ind2="1">
    <subfield code="3">050238361</subfield>
    <subfield code="4">070</subfield>
  </datafield>
  <datafield tag="801" ind1=" " ind2="3">
    <subfield code="a">FR</subfield>
    <subfield code="b">Abes</subfield>
    <subfield code="c">20250916</subfield>
    <subfield code="g">AFNOR</subfield>
  </datafield>
  <datafield tag="995" ind1=" " ind2=" ">
    <subfield code="2">0</subfield>
    <subfield code="5">2025-10-09</subfield>
    <subfield code="9">13839</subfield>
    <subfield code="c">JOL</subfield>
    <subfield code="f">JOL-007648</subfield>
    <subfield code="k">TH MEL X</subfield>
    <subfield code="o">0</subfield>
    <subfield code="b">JOL</subfield>
    <subfield code="r">LIVR</subfield>
  </datafield>
</record>
